British words - Statistics

General Stats
  • This quiz has been taken 94 times
  • The average score is 10 of 13
Answer Stats
American British % Correct
Fries Chips
95%
Eraser Rubber
94%
Soccor Football
92%
Chips Crisps
89%
Diaper Nappy
88%
Candy Sweets
86%
Couch Sofa
84%
Sneakers Trainers
78%
Math Maths
76%
Sidewalk Pavement
72%
Oatmeal Porridge
67%
Sweatshirt Jumper
58%
Sweatpants Jogging bottoms
49%
No matching quizzes found
Score Distribution
Percent of People with Each Score
Percentile by Number Answered
Your Score History
You have not taken this quiz